Image acquisition and retrieval systems for leukaemia cells /
Saved in:
| Main Author: | |
|---|---|
| Format: | Thesis Book |
| Language: | English |
| Published: |
2007.
|
| Subjects: | |
| Online Access: | http://dspace.fsktm.um.edu.my/handle/1812/62 |
| Tags: |
Add Tag
No Tags, Be the first to tag this record!
|
| LEADER | 01086cam a2200265 a 4500 | ||
|---|---|---|---|
| 001 | u745710 | ||
| 003 | SIRSI | ||
| 005 | 200709201041 | ||
| 008 | 070920s2007 my a t 000 0 eng m | ||
| 040 | |a UMM | ||
| 090 | |a QA76 |b UM 2007 Raj | ||
| 100 | 1 | |a Rajendran, Shobana. | |
| 245 | 1 | 0 | |a Image acquisition and retrieval systems for leukaemia cells / |c Shobana Rajendran. |
| 260 | |c 2007. | ||
| 300 | |a xiv, 137 leaves : |b col. ill. ; |c 30 cm. | ||
| 502 | |a Dissertation (M.Comp.Sc.) -- Fakulti Sains Komputer dan Teknologi Maklumat, Universiti Malaya, 2007. | ||
| 504 | |a Bibliography: leaves 131-137. | ||
| 650 | 0 | |a Information storage and retrieval systems |x Medicine. | |
| 650 | 0 | |a Image processing |x Digital techniques |x Data processing. | |
| 650 | 0 | |a Imaging systems in medicine |x Automation. | |
| 710 | 2 | |a Universiti Malaya. |b Fakulti Sains Komputer dan Teknologi Maklumat. | |
| 856 | 4 | 1 | |u http://dspace.fsktm.um.edu.my/handle/1812/62 |
| 900 | |a SK | ||
| 596 | |a 1 | ||
| 999 | |a QA76 UM 2007 RAJ |w LC |c 1 |i A513010403 |d 13/4/2010 |e 29/12/2009 |f 25/9/2007 |g 1 |l STACKS |m P01UTAMA |n 3 |r Y |s Y |t TESIS |u 25/9/2007 | ||
